000 00497nmm a2200169Ia 4500
008 251105s9999||||xx |||||||||||||||||und||
020 _a9788416345151
041 _aspa
100 _aYi-Fu, Tuan
245 0 _aGeografía romántica : En busca del paisaje sublime
264 _a[Madrid, España] :
_bBiblioteca Nueva,
_c2015
300 _a184 páginas
490 _aPaisaje y teoría
650 _aLiterature, Theory
856 _uhttps://public.digitaliapublishing.com/a/38123
942 _cCF
999 _c77587
_d77587